Hunger Games - Tous les personnages - Statistiques

Statistiques générales
  • Ce quiz a été pris 126 fois
    115 depuis la dernière actualisation
  • Le résultat moyen est 61 sur 193
Statistiques - réponses
Lieu Description Réponses % Correct
District 12 Tribut Homme 50e Hunger Games et mentor Haymitch
99%
District 12 Tribut Homme 74e et 75e Hunger Games Peeta
99%
District 12 Tribut Femme 74e et 75e Hunger Games Katniss
97%
Le Capitole Président Coriolanus Snow
92%
Le Capitole Ancien présentateur des Hunger Games Lucretius/Lucky
92%
District 4 Tribut Homme 65e et 75e Hunger Games Finnick
89%
District 12 Meilleur ami de Katniss Gale
87%
Le Capitole Hôtesse des 74 et 75e Hunger Games pour le district 12 Effie
84%
District 4 Tribut Femme 11e et 75e Hunger Games Mags
84%
District 12 Sœur de Katniss Primrose
84%
District 11 Tribut Femme 74e Hunger Games Rue
83%
District 2 Tribut Homme 74e Hunger Games Cato
82%
District 7 Tribut Femme 71e Hunger Games | Tribut Femme 75e Hunger Games Johanna
80%
District 3 Tribut Femme 34e et 75e Hunger Games Beetee
79%
District 13 Présidente Alma Coin
78%
District 4 Tribut Femme 70e Hunger Games Annie
78%
District 2 Tribut Femme 74e Hunger Games Clove
78%
District 3 Tribut Femme 49e et 75e Hunger Games Wiress
76%
Le Capitole Haut-juge des 75e Hunger Games Plutarch
75%
Le Capitole Styliste du district 12 des 75e Hunger Games Cinna
72%
Le Capitole Sœur du président et ancienne styliste Tigris
70%
District 12 Tribut Femme 50e Hunger Games Maysilee
68%
District 12 Tribut Femme 50e Hunger Games Louella
67%
Le Capitole Présentateur des Hunger Games Caesar
63%
District 1 Tribut Femme 75e Hunger Games Glimmer
63%
District 12 Tribut Femme 10e Hunger Games Lucy Gray
62%
Le Capitole Haut-juge des 74e Hunger Games Seneca
62%
District 11 Tribut Homme 74e Hunger Games Thresh
62%
District 12 Tribut Homme 50e Hunger Games Wyatt
62%
District 5 Tribut Femme 74e Hunger Games La renarde
61%
District 1 Tribut Homme 74e Hunger Games Marvel
61%
District 2 Tribut Femme 62e Hunger Games Enobaria
59%
District 2 Tribut Homme 75e Hunger Games Brutus
58%
District 1 Tribut Homme 63e et 75e Hunger Games Gloss
55%
District 13 Membre de l'escouade 451 Boggs
54%
District 12 Chat de Prim Buttercup
54%
District 13 Membre de l'escouade 451 Pollux
54%
Le Capitole Garçon mentor du district 2 des 10e Hunger Games Sejanus
50%
District 13 Membre de l'escouade 451 Castor
49%
District 12 Seule amie de Katniss et fille du Maire Madge
49%
District 3 Tribut Homme 50e Hunger Games Ampert
47%
District 12 Mère de Katniss Asterid
47%
District 12 Père de Katniss Burdock
47%
District 1 Tribut Homme 64e et 75e Hunger Games Cashmere
46%
District 6 Tribut Femme et Homme 75e Hunger Games Les drogués
46%
District 12 Frère de Haymitch Sid
46%
District 2 Tribut Homme 10e Hunger Games Marcus
45%
District 12 Tribut Homme 10e Hunger Games Jessup
43%
Le Capitole Haut-juge des 10e Hunger Games Volumnia Gaul
43%
District 12 Fille Coveys Lenore Dove
42%
District 13 Membre de l'escouade 451 Cressida
41%
District 12 Fille Coveys Maude Ivory
41%
District 12 Sœur de Maysilee Merrilee
41%
Le Capitole Préparateurs physiques de Katniss Octavia
41%
District 4 Tribut Femme 10e Hunger Games Coral
38%
District 12 Vendeuse à la Plaque Sae Boui-Boui
38%
Le Capitole Femme mentor du district 10 des 10e Hunger Games Arachne
37%
Le Capitole Inventeur des Hunger Games Casca
37%
Le Capitole Hôtesse des 50e Hunger Games pour le district 12 Drusilla
37%
District 11 Tribut Homme 45e et 75e Hunger Games Chaff
36%
District 12 Garçon Coveys Tam Amber
36%
Le Capitole Préparateurs physiques de Katniss Flavius
34%
District 13 Membre de l'escouade 451 Jackson
34%
District 7 Tribut Femme 10e Hunger Games Lamina
34%
District 13 Membre de l'escouade 451 Leeg 1
34%
District 13 Membre de l'escouade 451 Leeg 2
34%
Le Capitole Styliste du district 12 des 75e Hunger Games Portia
34%
District 11 Tribut Femme 75e Hunger Games Seeder
34%
District 1 Tribut Homme 50e Hunger Games Panache
33%
District 11 Tribut Homme 10e Hunger Games Reaper
33%
District 12 Tribut Homme 50e Hunger Games mort pendant la Moisson Woodbine
33%
District 8 Tribut Femme 10e Hunger Games Wovey
33%
District 12 Garçon Coveys Billie Taupe
30%
Le Capitole Speaker des Hunger Games Claudius
30%
District 1 Tribut Femme 50e Hunger Games Silka
30%
District 8 Tribut Femme 75e Hunger Games Cecelia
29%
District 8 Cheffe des rebelles et future présidente de Panem Commandante Paylor
29%
District 11 Tribut Femme 10e Hunger Games Dill
29%
District 12 Mère du meilleur ami de Katniss Hazelle
29%
District 6 Tribut Femme 50e Hunger Games Wellie
29%
District 4 Tribut Femme 50e Hunger Games Barba
28%
Le Capitole Femme mentor du district 11 des 10e Hunger Games Clemensia
28%
District 8 Tribut Homme 75e Hunger Games Woof
28%
District 12 Garçon Coveys Clerk Carmine
26%
District 5 Tribut Homme 10e Hunger Games Hy
26%
Le Capitole Préparateurs physiques de Haymitch et sœur d'Effie Proserpina
26%
District 7 Tribut Homme 10e Hunger Games Treech
26%
Le Capitole Préparateurs physiques de Katniss Venia
26%
District 8 Tribut Homme 10e Hunger Games Bobbin
25%
District 13 Membre de l'escouade 451 Messalla
25%
District 12 Sœur du meilleur ami de Katniss Posy
25%
District 7 Tribut Homme 75e Hunger Games Blight
24%
District 12 Pacificateur Darius
24%
Le Capitole Styliste du district 12 des 50e Hunger Games Magno
24%
District 6 Tribut Homme 10e Hunger Games Otto
24%
District 12 Frère du meilleur ami de Katniss Rory
24%
District 11 Tribut Femme 50e Hunger Games Chicory
22%
District 12 Seule amie de Peeta Delly
22%
District 4 Tribut Homme 10e Hunger Games Mizzen
22%
District 7 Tribut Femme 50e Hunger Games Autumn
21%
District 4 Tribut Femme 50e Hunger Games Maritte
20%
District 13 Membre de l'escouade 451 Mitchell
20%
District 7 Tribut Femme 50e Hunger Games Ringina
20%
District 12 Ami d'Haymitch Blair
18%
Le Capitole Père du président Crassus
18%
District 1 Tribut Femme 50e Hunger Games Carat
18%
Le Capitole Garçon mentor du district 11 des 10e Hunger Games Felix
18%
Le Capitole Garçon mentor du district 4 des 10e Hunger Games Festus
18%
District 11 Tribut Homme 50e Hunger Games Hull
18%
District 1 Tribut Homme 50e Hunger Games Loupe
18%
District 2 Tribut Femme 10e Hunger Games Sabyn
18%
District 12 Mère de Haymitch Willamae
18%
District 8 Rebelle Bonnie
17%
District 10 Tribut Femme 10e Hunger Games Brandy
17%
District 1 Tribut Homme 10e Hunger Games Facet
17%
Le Capitole Femme mentor du district 1 des 10e Hunger Games Livia
17%
District 12 Chef des Pacificateurs Romulus
17%
District 1 Tribut Femme 10e Hunger Games Velvereen
17%
District 12 Frère du meilleur ami de Katniss Vick
17%
Le Capitole Femme mentor du district 12 des 10e Hunger Games Lysistrata
16%
District 2 Femme vainqueur des Hunger Games et rebelle Lyme
16%
District 9 Tribut Homme 50e Hunger Games Ryan
16%
District 9 Tribut Femme 10e Hunger Games Sheaf
16%
District 5 Tribut Femme 10e Hunger Games Sol
16%
District 10 Tribut Homme 10e Hunger Games Tanner
16%
District 3 Tribut Femme 10e Hunger Games Teslee
16%
District 12 Fille Coveys Barb Azure
14%
District 2 Tribut Femme 50e Hunger Games Camilla
14%
District 3 Tribut Homme 10e Hunger Games Circ
14%
District 9 Tribut Homme 50e Hunger Games Clayton
14%
District 13 Membre de l'escouade 451 Homes
14%
District 3 Tribut Homme 50e Hunger Games Lect
14%
District 4 Tribut Homme 50e Hunger Games Urchin
14%
District 6 Tribut Femme 50e Hunger Games Velo
14%
Le Capitole Préparateurs physiques de Haymitch Vitus
14%
District 4 Tribut Homme 50e Hunger Games Angler
13%
District 1 Tribut Homme 67e Hunger Games Augustus
13%
District 3 Tribut Femme 50e Hunger Games Dio
13%
District 6 Tribut Femme 10e Hunger Games Ginnee
13%
District 2 Tribut Homme 50e Hunger Games Janus
13%
District 9 Tribut Femme 50e Hunger Games Kerna
13%
District 8 Rebelle Twill
13%
Le Capitole Femme mentor du district 7 des 10e Hunger Games Vipsania
13%
Le Capitole Garçon mentor du district 6 des 10e Hunger Games Apollo
12%
District 10 Tribut Homme 50e Hunger Games Buck
12%
District 3 Tribut Femme 50e Hunger Games Coil
12%
District 12 Ancien chef des Pacificateurs Cray
12%
Le Capitole Femme mentor du district 6 des 10e Hunger Games Diana
12%
Le Capitole Garçon mentor du district 3 des 10e Hunger Games Io
12%
District 2 Tribut Femme 50e Hunger Games Nona
12%
District 1 Tribut Homme 46e Hunger Games Palladium
12%
District 9 Tribut Homme 10e Hunger Games Panlo
12%
Le Capitole Femme mentor du district 4 des 10e Hunger Games Persephone
12%
District 11 Tribut Homme 50e Hunger Games Tile
12%
District 2 Tribut Homme 50e Hunger Games Alpheus
11%
District 5 Tribut Femme 50e Hunger Games Anion
11%
District 11 Tribut Femme 50e Hunger Games Blossom
11%
Le Capitole Femme mentor du district 10 des 10e Hunger Games Domitia
11%
Le Capitole Garçon mentor du district 9 des 10e Hunger Games Gaius
11%
Le Capitole Garçon mentor du district 8 des 10e Hunger Games Hilarius
11%
District 5 Tribut Homme 50e Hunger Games Hychel
11%
Le Capitole Femme mentor du district 5 des 10e Hunger Games Iphigenia
11%
District 9 Tribut Femme 50e Hunger Games Midge
11%
District 8 Tribut Femme 50e Hunger Games Notion
11%
Le Capitole Garçon mentor du district 7 des 10e Hunger Games Pliny
11%
District 5 Tribut Femme 50e Hunger Games Potena
11%
Le Capitole Femme mentor du district 3 des 10e Hunger Games Urban
11%
Le Capitole Garçon mentor du district 9 des 10e Hunger Games Androcles
9%
Le Capitole Garçon mentor du district 5 des 10e Hunger Games Dennis
9%
District 5 Tribut Homme 50e Hunger Games Fisser
9%
Le Capitole Femme mentor du district 2 des 10e Hunger Games Florus
9%
District 7 Tribut Homme 50e Hunger Games Heartwood
9%
District 12 Père de Wyatt Jethro
9%
Le Capitole Femme mentor du district 8 des 10e Hunger Games Juno
9%
District 10 Tribut Femme 50e Hunger Games Lannie
9%
Le Capitole Femme mentor du district 1 des 10e Hunger Games Palmyra
9%
District 8 Tribut Homme 50e Hunger Games Ripman
9%
District 6 Tribut Homme 50e Hunger Games Atread
8%
District 5 Tribut Homme 38e Hunger Games Porter
8%
District 7 Tribut Homme 50e Hunger Games Bircher
7%
Le Capitole Haut-juge des 50e Hunger Games Faustina
7%
District 6 Tribut Homme 50e Hunger Games Miles
7%
District 10 Tribut Homme 50e Hunger Games Stamp
7%
District 8 Tribut Homme 50e Hunger Games Wefton
7%
District 8 Tribut Femme 50e Hunger Games Alawna
5%
District 12 Frère de Louella Caysson
5%
District 12 Chèvre de Prim Daisy
5%
District 10 Tribut Femme 50e Hunger Games Peeler
5%
Le Capitole Grand-oncle d'Effie Silius
4%
District 12 Grande sœur de Louella Ima
3%
Le Capitole Maître de parade des 50e Hunger Games Incitatus Loomy
0%
Le Capitole Grande-tante d'Effie Messaline
0%
Aucun quiz correspondant
Distribution des résultats
% des personnes avec chaque résultat
Percentile par nombre de réponses
Votre historique - résultats
Vous n’avez pas pris ce quiz depuis la dernière actualisation